000 00323nam a2200133Ia 4500
003 OSt
005 20240127164510.0
008 170524s9999 xx 000 0 und d
020 _a9788177584837
040 _cIIMT UNIVERSITY MEERUT
100 _aHEURING UP
245 0 _aCOMPUTER SYSTEM DESIGN ARCHITECTURE
942 _2ddc
_c02
999 _c3953
_d3953